000 00563nam a2200169 a 4500
008 060316s1992 ||||||||||||||||| || u
020 _a0137969880
050 _aT 385 Hill
100 _aHill, A.E
245 1 2 _aA second complete AutoCAD databook
260 _aNew York :
_bPrentice Hall
_c1992
300 _axii, 469 p. : ill.
350 _a0.00
650 _aTEXTBOOKS
700 _aPilkington, R. D
995 _D0.00
_FCBU-MAIN LIBRARY (Kitwe)
_H1
_I40.95
_M1
_UAVAILABLE
_ZMain Library Open Access Collection
999 _c57175
_d57175